| 000 | 00906nam a22002772a 4500 | ||
|---|---|---|---|
| 001 | 15433 | ||
| 003 | BD-RjUL | ||
| 005 | 20211208235820.0 | ||
| 008 | 140210s1983 enk 001 0 eng d | ||
| 020 | _a0133142116 | ||
| 035 |
_a(BD-RjUL)15487 _aOCLC ocm09496220 from D951016M |
||
| 040 |
_aEUE _cEUE _dUKM _dEQO _dBD-RjUL _beng |
||
| 041 | _aeng | ||
| 082 | 0 | 0 |
_a657.48 _219 _bHAF 1983 |
| 100 | 1 |
_aHarvey, Mike, _d1934-. _947933 |
|
| 245 | 1 | 0 |
_aFinancial accounting theory and standards / _cMike Harvey and Fred Keer. |
| 250 | _a2nd ed | ||
| 260 |
_aLondon ; _aEnglewood Cliffs, N.J : _bPrentice/Hall International, _cc1983 |
||
| 300 |
_ax, 214 p. : _bill. ; _c23 cm |
||
| 500 | _a1st ed. entitled Financial accounting theory | ||
| 504 | _aIncludes bibliographical references and index | ||
| 650 | 0 |
_aFinancial accounting _947934 |
|
| 700 | 1 |
_aKeer, Fred. _947935 |
|
| 942 |
_2ddc _cBK |
||
| 999 |
_c15433 _d15433 |
||